Louis Tomlinson - Imposter - All lyrics - Statistics

General Stats
  • This quiz has been taken 39 times
  • The average score is 176 of 223
Answer Stats
Answer % Correct
a
100%
am
100%
I
100%
I’m
100%
imposter
100%
the
100%
my
95%
My
95%
that
95%
that,
95%
That
95%
can’t
90%
can't
90%
in
90%
it
90%
No
90%
bed
86%
thin
86%
this
86%
you
86%
beating
81%
don’t
81%
faster
81%
feeling
81%
get
81%
head
81%
heart’s
81%
Is
81%
out
81%
stranger
81%
there's
81%
and
76%
but
76%
like
76%
me
76%
really
76%
so
76%
think
76%
to
76%
wake
76%
who
76%
happening
71%
know
71%
now
71%
than
71%
up
71%
wanna
71%
You’re
71%
Feels
67%
been
62%
build
62%
falling
62%
I’d
62%
more
62%
Ooh-ooh-ooh
62%
they’re
62%
wall,
62%
before,
57%
deserve
57%
hurts
57%
paper
57%
you’ll
57%
let
52%
stay
52%
afraid
48%
find
48%
here
48%
I’ve
48%
never
48%
shit,
48%
tried
48%
felt
43%
guessing
43%
paranoia
43%
saying
43%
Second
43%
awe
38%
Sweat
38%
anymore
33%
door
33%
dripping,
33%
proper
33%
terrified
33%
Yeah
33%
Kicking
29%
No matching quizzes found
Score Distribution
Percent of People with Each Score
Percentile by Number Answered
Your Score History
You have not taken this quiz